| 000 | 00484nam a2200169 4500 | ||
|---|---|---|---|
| 008 | 020904s1984 enk eng | ||
| 020 | _a0192876201 | ||
| 090 | 0 |
_aB2598 _bR73 |
|
| 100 | 1 | _aRoss, G. MacDonald | |
| 245 | 1 | 0 |
_aLeibniz / _cG. MacDonald Ross. |
| 260 |
_aOxford : _bOxford University, _cc1984. |
||
| 300 | _a121 p. | ||
| 490 | 1 | _aPast masters | |
| 600 | 1 | 4 | _aLeibniz, Gottfried Wilhelm. |
| 951 |
_p12401 _oB2598/R73 _j070613111140218 _d2000-12-21 _cGC |
||
| 999 |
_c12645 _d12645 |
||